Historical figures by picture - L - Statistics

General Stats
  • This quiz has been taken 654 times
  • The average score is 10 of 20
Answer Stats
Picture Hint Answer % Correct
1809-1865 Lincoln
98%
1940-1980 Lennon
97%
1940-1973 Lee
94%
1870-1924 Lenin
92%
1483-1564 Luther
86%
1638-1715 Louis XIV
84%
1888-1935 Lawrence
76%
1452-1519 Leonardo da Vinci
75%
ca. 540 BCE- 480 BCE Leonidas
48%
1890-1965 Laurel
43%
ca.600?-ca 500? Laozi
37%
1902-1974 Lindbergh
34%
1862-1954 and 1864-1948 Lumière
17%
1743-1794 Lavoisier
14%
1646-1716 Leibniz
14%
1813-1873 Livingstone
14%
1865-1937 Ludendorff
13%
1925-1961 Lumumba
10%
1810-1903 Leo XIII
9%
1899-1938 Lenglen
5%
No matching quizzes found
Score Distribution
Percent of People with Each Score
Percentile by Number Answered
Your Score History
You have not taken this quiz